000 01326nam a22002657a 4500
003 0
005 20251108112816.0
008 251108b xxu||||| |||| 00| 0 eng d
020 _a978-0-241-40175-0
050 _aPE 1128.I78
_b.P63 2020
100 _aIrving, Nicole,
_eadapter.
245 _aPocahontas /
_ctext adapted by Nicole Irving ; activities written by Catrin Morris ; illustrated by Abdi.
246 _aLadybird readers. Level 2. Pocahontas
250 _aLevel 2.
260 _aLondon :
_bPenguin Random House UK,
_c2020.
300 _a47 pages :
_bcolor illustrations ;
_c23 cm
490 _aLadybird readers ;
_vlevel 2
500 _aBased on the story of Pocahontas and the early encounters between Native Americans and English settlers. Includes comprehension questions and language practice activities.
520 _aA simplified retelling of the story of Pocahontas, written for young English language learners. The book introduces basic vocabulary and sentence structures while telling how Pocahontas met the settlers at Jamestown and helped create understanding between two cultures.
650 _aReaders (Elementary)
_vTexts.
650 _aEnglish language
_xStudy and teaching
_vReaders.
700 _aMorris, Catrin,
_eauthor of activities.
700 _aAbdi,
_eillustrator.
942 _2lcc
_cBK
999 _c368531
_d368531